[Event "Muensterland Verbandsklasse 2122"]
[Site "Germany"]
[Date "2021.09.25"]
[Round "1.8"]
[White "Li, David1111"]
[Black "Schmidt, Juliane"]
[Result "0-1"]
[WhiteElo "1389"]
[BlackElo "1587"]
[PlyCount "134"]
[EventDate "2021.09.25"]
[EventType "team-tourn"]
[EventRounds "2"]
[EventCountry "GER"]
[SourceTitle "EXT 2023"]
[Source "ChessBase"]
[SourceDate "2022.10.05"]
[SourceVersion "1"]
[SourceVersionDate "2022.10.05"]
[SourceQuality "1"]
[WhiteTeam "Emsdetten Rochade III"]
[BlackTeam "Hiltrup"]
[WhiteTeamCountry "GER"]
[BlackTeamCountry "GER"]

1. Nf3 c5 2. e4 Nc6 3. Nc3 d6 4. g3 g6 5. Bg2 Bg7 6. 0-0 Nf6 7. d3 0-0 8. Bg5 a6 9. Ne2 Bg4 10. c3 Re8 11. Qc2 Rc8 12. Nf4 h6 13. Bxf6 Bxf6 14. Nd5 Bg7 15. Ne3 Bd7 16. Rad1 b5 17. Qe2 Be6 18. a3 Bb3 19. Rd2 Na5 20. Re1 Ba4 21. d4 Nb3 22. Rd3 cxd4 23. Bh3 dxe3 24. Bxc8 exf2+ 25. Qxf2 Qxc8 26. Rf1 Rf8 27. Re3 Nc5 28. Nd4 Bb3 29. Rf3 Nxe4 30. Qe3 Bd5 31. Rf4 Ng5 32. Rh4 e5 33. Nc2 Qc5 34. Qxc5 dxc5 35. Kf2 Nf3 36. Rh3 e4 37. g4 Bb3 38. Rc1 Bxc2 39. Rxc2 b4 40. Re2 bxc3 41. bxc3 Bxc3 42. Rc2 Bd4+ 43. Kf1 Kg7 44. Rg3 Re8 45. Ke2 Re6 46. Kd1 Rf6 47. Kc1 Ne5 48. Re2 Rf1+ 49. Kc2 e3 50. Rgg2 Rf2 51. Kb3 Nd3 52. Kc2 Nf4 53. Rexf2 exf2 54. Rxf2 Bxf2 55. Kc3 Kf6 56. Kb3 Ke5 57. Ka4 Ke4 58. Ka5 c4 59. g5 hxg5 60. h4 gxh4 61. Kb4 Kd3 62. a4 c3 63. a5 c2 64. Kb3 c1Q 65. Ka4 Qb1 66. Ka3 Kc4 67. Ka4 Qb3# 0-1